Kraj, którego mieszkańcy posługują się innym alfabetem, niż łaciński - Statystyki

Ogólne statystyki
  • Ten quiz został rozwiązany 46 razy
  • Średni wynik to 5 z 8
Statystyki odpowiedzi
Hint Odpowiedź % Poprawnych
8. Chiny
95%
6. Japonia
88%
4. Rosja
83%
5. Korea
80%
3. Ukraina
73%
7. Izrael
44%
1. Armenia
12%
2. Bhutan
10%
Nie znaleziono quizów pasujących do podanych kryteriów
Rozkład punktacji
Procent ludzi z każdym wynikiem
Percentyl według liczby udzielonych odpowiedzi
Twoja historia wyników
Nie rozwiązałeś tego quizu